Evolutionary biology of brunellia Ruiz & Pavón : (Registro nro. 3635)
[ vista simple ]
| 000 -CABECERA | |
|---|---|
| Campo de control | 00974cam a2200265 i 4500 |
| 005 - FECHA Y HORA DE LA ULTIMA TRANSACCION | |
| Campo de control | 20180803165114.0 |
| 008 - ELEMENTOS DE LONGITUD FIJA—INFORMACION GENERAL | |
| Campo de control | 030714s2002 ck a r 000 0 eng d |
| 015 ## - NATIONAL BIBLIOGRAPHY NUMBER | |
| National bibliography number | SSN |
| 020 ## - ISBN | |
| ISBN | 9076894078 |
| 040 ## - FUENTE DE CATALOGACIÓN | |
| Agencia catalogadora original | CO-BoPUJ |
| Agencia transcriptora | CO-BoIAVH |
| Agencia Modificadora | CO-BoIAVH |
| 041 0# - IDIOMA | |
| Código de idioma para texto/pista de sonido o título separado | Inglés |
| -- | Español |
| -- | Alemán |
| 082 04 - NUMERO DE CLASIFICACION DECIMAL DEWEY | |
| Número de clasificación | 583.3 |
| Número del ítem | O74e |
| 100 1# - ASIENTO PRINCIPAL--NOMBRE PERSONAL | |
| Nombre personal | Orozco Pardo, Clara Inés |
| 9 (RLIN) | 20534 |
| 245 10 - MENCION DE TITULO | |
| Título | Evolutionary biology of brunellia Ruiz & Pavón : |
| Parte restante del título | (Brunelliaceae, oxalidales) / |
| Mención de responsabilidad | Clara Inés Orozco Pardo. |
| 260 ## - PUBLICACION, DISTRIBUCION, ETC. (PIE DE IMPRENTA) | |
| Lugar de publicación, distribución, etc. | Bogotá : |
| Nombre del editor, distribuidor, etc. | Guadalupe, |
| Fecha de publicación, distribución, etc. | 2002. |
| 300 ## - DESCRIPCION FISICA | |
| Extensión | 194 páginas : |
| Otros detalles físicos | ilustraciones ; |
| Dimensiones | 23 cm. |
| 490 00 - MENCION DE SERIE | |
| Mención de serie | Colección Jorge Álvarez Lleras ; |
| Designación numérica/secuencial del volumen | 22 |
| 504 ## - NOTA DE BIBLIOGRAFIA, ETC. | |
| Nota de bibliografía | Incluye referencias bibliográficas. |
| 546 ## - NOTA DE IDIOMA | |
| Nota de idioma | Texto en Inglés, Español y Alemán. |
| 650 14 - ASIENTO SECUNDARIO DE MATERIA - TERMINO TEMATICO | |
| Término temático o nombre geográfico como elemento de entrada | Dicotiledonias |
| 9 (RLIN) | 57268 |
| 650 24 - ASIENTO SECUNDARIO DE MATERIA - TERMINO TEMATICO | |
| Término temático o nombre geográfico como elemento de entrada | Taxonomía vegetal |
| 9 (RLIN) | 92262 |
| 650 24 - ASIENTO SECUNDARIO DE MATERIA - TERMINO TEMATICO | |
| Término temático o nombre geográfico como elemento de entrada | Evolución de las plantas |
| 9 (RLIN) | 57270 |
| 710 2# - ASIENTO SECUNDARIO - NOMBRE CORPORATIVO | |
| Nombre corporativo o de jurisdicción como elemento de entrada | Academia Colombiana de Ciencias Exactas, F´isicas y Naturales |
| 9 (RLIN) | 57271 |
| 942 ## - ELEMENTOS ADICIONALES (KOHA) | |
| Sistema de clasificación | Dewey Decimal Classification |
| Tipo de ítem | Libro |
| Koha issues (borrowed), all copies | 1 |
| Withdrawn status | Lost status | Sistema de Clasificación | Damaged status | No para préstamo | Colección | Inventariado | Ubicación Permanente | Ubicación actual | Fecha de adquisición | Fuente de Valor | Valor | Total Checkouts | Número topográfico | Inventario / Código de Barras | Date last seen | Date checked out | Ejemplar | Price effective from | Forma de adquisición | Tipo de material |
|---|---|---|---|---|---|---|---|---|---|---|---|---|---|---|---|---|---|---|---|---|
| Dewey Decimal Classification | General | Inventariado 2017 | Bogotá | Bogotá | 30/01/2004 | Instituto | 15000.00 | 1 | LB-583.3 O74e | 015344 | 22/02/2016 | 22/02/2016 | Ej. 1 | 04/12/2012 | Libro | |||||
| Dewey Decimal Classification | General | Inventariado 2017 | Sala Fabio Quevedo | Sala Fabio Quevedo | 09/08/2004 | Instituto | 15000.00 | LB-583.3 O74e | 016434 | 04/12/2012 | Ej. 2 | 04/12/2012 | Donación | Libro |